| 000 | 00433nam a2200205Ia 4500 | ||
|---|---|---|---|
| 001 | 000848 | ||
| 003 | YMCAF | ||
| 005 | 20230512160036.0 | ||
| 008 | 100717s1971 ||||||||||||||||| ||und|d | ||
| 024 | _a848 | ||
| 035 | _a830 | ||
| 040 |
_aYMCAF _beng _cIN-KoLT |
||
| 041 | _aeng | ||
| 082 |
_aT _bB-SPI |
||
| 100 | _aSPIEGEL R .. | ||
| 245 | 0 | _aT BOK COLLEGE AEGETRA | |
| 260 |
_bSECHDEVA _c1971 |
||
| 300 | _a104 | ||
| 942 |
_2ddc _cBK |
||
| 999 |
_c663 _d663 |
||